| Tag |
First Indicator |
Second Indicator |
Subfields |
| LEADER |
00000aam a2200000 a 4500 |
| 001 |
in00002113545 |
| 005 |
20151102185243.0 |
| 008 |
890504s1989 ncua c 000 0 eng |
| 010 |
|
|
|a 89084502
|
| 019 |
|
|
|a 20673326
|
| 020 |
|
|
|a 0942399099
|
| 035 |
|
|
|a (OCoLC)ocm20534745
|
| 040 |
|
|
|a DLC
|c DLC
|d TXA
|d UtOrBLW
|
| 049 |
|
|
|a TXAM
|
| 050 |
0 |
0 |
|a ND1839.T56
|b A4 1989
|
| 082 |
0 |
0 |
|a 759.13
|2 20
|
| 100 |
1 |
|
|a Timberlake, Bob.
|
| 245 |
1 |
0 |
|a Somewhere in time :
|b paintings and commentary /
|c by Bob Timberlake.
|
| 250 |
|
|
|a 1st ed.
|
| 264 |
|
1 |
|a [Raleigh, N.C.] :
|b [Capitol Broadcasting Co.],
|c [1989]
|
| 300 |
|
|
|a 159 pages :
|b color illustrations ;
|c 33 cm.
|
| 336 |
|
|
|a text
|b txt
|2 rdacontent
|
| 337 |
|
|
|a unmediated
|b n
|2 rdamedia
|
| 338 |
|
|
|a volume
|b nc
|2 rdacarrier
|
| 600 |
1 |
0 |
|a Timberlake, Bob
|v Catalogs.
|
| 600 |
1 |
0 |
|a Timberlake, Bob
|x Criticism and interpretation.
|
| 948 |
|
|
|a cataloged
|b h
|c 2006/1/26
|d c
|e jgreene
|f 4:03:40 pm
|
| 994 |
|
|
|a C0
|b TXA
|
| 999 |
|
|
|a MARS
|
| 999 |
f |
f |
|s ffbdeb9d-c3a8-3305-969b-8eb1fd71223a
|i e5dc7b98-3796-3af1-a89e-a9c709fb48cb
|t 0
|
| 952 |
f |
f |
|p ric
|a Texas A&M University
|b Rellis Campus
|c Joint Library Facility
|d Remote Storage
|t 0
|e ND1839.T56 A4 1989
|f Oversize
|h Library of Congress classification
|i unmediated -- volume
|m A14833491025
|
| 998 |
f |
f |
|a ND1839.T56 A4 1989
|t 0
|l Remote Storage
|